[Event "Arvier op"]
[Site "Arvier"]
[Date "2010.07.08"]
[Round "8"]
[White "Mongelli, Francesco Saverio"]
[Black "Dritsakos, Alessio"]
[Result "0-1"]
[WhiteElo "1329"]
[BlackElo "1942"]
[PlyCount "40"]
[EventDate "2010.07.03"]
[EventType "swiss"]
[EventRounds "9"]
[EventCountry "ITA"]
[SourceTitle "CBM 137 Extra"]
[Source "ChessBase"]
[SourceDate "2010.09.01"]
[SourceVersion "1"]
[SourceVersionDate "2010.09.01"]
[SourceQuality "1"]

1. e4 e5 2. Nf3 Nc6 3. Bb5 a6 4. Ba4 Nf6 5. Nc3 b5 6. Bb3 Bc5 7. d3 h6 8. 0-0 0-0 9. Nd5 d6 10. h3 Be6 11. Nxf6+ Qxf6 12. Bxe6 fxe6 13. Be3 Ne7 14. Bxc5 dxc5 15. Qd2 Ng6 16. a4 Qe7 17. axb5 Rxf3 18. gxf3 Nf4 19. Rfe1 Qg5+ 20. Kf1 Qg2# 0-1

[Event "Arvier op"]
[Site "Arvier"]
[Date "2010.07.05"]
[Round "4"]
[White "Mongelli, Francesco Saverio"]
[Black "Fossati, Remigio"]
[Result "0-1"]
[WhiteElo "1329"]
[BlackElo "2201"]
[PlyCount "84"]
[EventDate "2010.07.03"]
[EventType "swiss"]
[EventRounds "9"]
[EventCountry "ITA"]
[SourceTitle "CBM 137 Extra"]
[Source "ChessBase"]
[SourceDate "2010.09.01"]
[SourceVersion "1"]
[SourceVersionDate "2010.09.01"]
[SourceQuality "1"]

1. e4 c5 2. Nf3 e6 3. c3 Nf6 4. d4 Nxe4 5. Bd3 Nf6 6. Bg5 cxd4 7. Nxd4 Be7 8. Bxf6 Bxf6 9. Qc2 d5 10. Nb3 Nc6 11. Bxh7 Qc7 12. Bd3 Rxh2 13. Rxh2 Qxh2 14. Bf1 Qe5+ 15. Qe2 Qxe2+ 16. Bxe2 e5 17. Bb5 a6 18. Bxc6+ bxc6 19. Na5 c5 20. Nd2 Bd8 21. Nc6 Bc7 22. b4 Bd7 23. Na5 Bxa5 24. bxa5 Bf5 25. Nb3 Rc8 26. Rd1 c4 27. Nd2 Bc2 28. Rc1 Bd3 29. Nf3 f6 30. Kd2 Rb8 31. Ne1 Rb2+ 32. Ke3 Bf5 33. Rd1 Be6 34. Ra1 Kd7 35. f4 Kd6 36. fxe5+ fxe5 37. g3 Bg4 38. Nf3 Rc2 39. Nxe5 Kxe5 40. Re1 g6 41. a3 g5 42. a4 Rb2 0-1